[Event "Superliga 2011 M"]
[Site "?"]
[Date "2011.10.11"]
[Round "4.5"]
[White "Miron, Lucian-Costin"]
[Black "Ardelean, George-Catalin"]
[Result "1/2-1/2"]
[WhiteElo "2514"]
[BlackElo "2491"]
[PlyCount "199"]
[EventDate "2011.??.??"]
[TimeControl "120+21"]

1. d4 d5 2. Nf3 Nf6 3. c4 c6 4. e3 a6 5. Nbd2 Bg4 6. Bd3 Nbd7 7. Qc2 e6 8. b3
Bxf3 9. Nxf3 Bb4+ 10. Ke2 Qe7 11. Bb2 Ba3 12. Rhd1 g6 13. Bc3 Bb4 14. Bb2 Ba3
15. Kf1 O-O 16. Bc3 Bb4 17. Bb2 Ba3 18. Bc3 Bb4 19. Rac1 Bxc3 20. Qxc3 Rfd8 21.
Qb2 a5 22. Kg1 Rac8 23. h3 Ra8 24. Re1 Rac8 25. a3 Ra8 26. Ra1 Rdb8 27. Qc3 Rd8
28. Ra2 Ra7 29. Rea1 Rda8 30. Rc2 Rd8 31. Re2 Qf8 32. Rea2 Rda8 33. Kf1 Qe7 34.
Rb1 Rb8 35. Kg1 Rba8 36. Re1 Rd8 37. Raa1 Qf8 38. Reb1 Rda8 39. Rd1 Rd8 40.
Rdc1 Qe7 41. Qb2 Qf8 42. Re1 Qe7 43. Rac1 Raa8 44. Red1 Qf8 45. Ra1 Ra7 46.
Rdb1 Rda8 47. Rc1 Qe7 48. Qc3 Rd8 49. Rd1 Raa8 50. Qb2 Ra7 51. Re1 Qf8 52. Re2
Qe7 53. Rae1 Raa8 54. Rc2 Qf8 55. Rec1 Ra7 56. Ra1 Rda8 57. Re1 Qe7 58. Rcc1
Qf8 59. Ra1 Qe7 60. Rec1 Qf8 61. Re1 Qe7 62. Re2 Qf8 63. Rae1 Qe7 64. Rd2 Rd8
65. Rc2 Rda8 66. Rec1 Qf8 67. Re2 Qe7 68. Ree1 Qf8 69. Rc2 Qe7 70. Rec1 Qf8 71.
Ra1 Qe7 72. Rcc1 Qf8 73. c5 Qe7 74. b4 axb4 75. axb4 Rxa1 76. Rxa1 Rxa1+ 77.
Qxa1 Qd8 78. Nd2 b5 79. cxb6 Qxb6 80. Qa5 Kg7 81. Bc2 Qb7 82. Bd3 Qb6 83. Nb3
Qb7 84. Qa3 Qb6 85. Na5 Nb8 86. Qc3 Ne8 87. g4 Nc7 88. g5 h6 89. gxh6+ Kxh6 90.
Kg2 Kg7 91. Qc5 Qxc5 92. bxc5 Kf6 93. Kg3 e5 94. dxe5+ Kxe5 95. f4+ Kf6 96. e4
dxe4 97. Bxe4 Ne6 98. Nxc6 Nxc6 99. Bxc6 Nxc5 100. Bf3 1/2-1/2

[Event "Superliga 2011 M"]
[Site "Brasov/Rumania"]
[Date "2011.10.11"]
[Round "4.5"]
[White "Stanciu, Alexandru-Ovidiu"]
[Black "Georgescu, Tiberiu-Marian"]
[Result "1/2-1/2"]
[WhiteElo "2288"]
[BlackElo "2391"]
[PlyCount "32"]
[EventDate "2011.??.??"]
[TimeControl "40/5400+30:1800+30"]

1. d4 d5 2. c4 e6 3. Nf3 Nf6 4. Nc3 Be7 5. Bg5 h6 6. Bh4 O-O 7. e3 Ne4 8. Bxe7
Qxe7 9. Rc1 c6 10. h4 Nd7 11. g4 e5 12. cxd5 Nxc3 13. Rxc3 cxd5 14. dxe5 Nxe5
15. Nxe5 Qxe5 16. Be2 Be6 1/2-1/2

[Event "Superliga 2011 M"]
[Site "Brasov/Rumania"]
[Date "2011.10.12"]
[Round "5.1"]
[White "Jobava, Baadur"]
[Black "Mastrovasilis, Dimitrios"]
[Result "1/2-1/2"]
[WhiteElo "2712"]
[BlackElo "2607"]
[PlyCount "52"]
[EventDate "2011.??.??"]
[TimeControl "40/5400+30:1800+30"]

1. d4 d5 2. c4 c6 3. Nc3 Nf6 4. cxd5 cxd5 5. Nf3 Nc6 6. Bf4 a6 7. Ne5 e6 8. e3
Nxe5 9. dxe5 Nd7 10. Bd3 g6 11. Bg3 Bg7 12. f4 O-O 13. O-O b5 14. Qe1 Qb6 15.
b4 d4 16. Be4 Bb7 17. exd4 Bxe4 18. Nxe4 Rfc8 19. Bf2 Qd8 20. Bh4 Qb6 21. Bf2
Qd8 22. Rd1 Nb6 23. Bh4 Qd5 24. Bf6 Rc2 25. a3 Qa2 26. Qg3 Nd5 1/2-1/2

[Event "Superliga 2011 M"]
[Site "Brasov/Rumania"]
[Date "2011.10.12"]
[Round "5.1"]
[White "Svetushkin, Dmitry"]
[Black "Yemelin, Vasily"]
[Result "1-0"]
[WhiteElo "2594"]
[BlackElo "2568"]
[PlyCount "95"]
[EventDate "2011.??.??"]
[TimeControl "40/5400+30:1800+30"]

1. e4 e6 2. d4 d5 3. Nc3 Nf6 4. e5 Nfd7 5. f4 c5 6. Nf3 Nc6 7. Be3 cxd4 8. Nxd4
Bc5 9. Qd2 O-O 10. g3 a6 11. Bg2 Nxd4 12. Bxd4 b5 13. Ne2 a5 14. a3 Qb6 15. O-O
Bb7 16. b4 Bxd4+ 17. Nxd4 Nb8 18. Kh1 Nc6 19. Nb3 Ra7 20. Nc5 Ba8 21. Rae1 Rd8
22. f5 axb4 23. axb4 exf5 24. e6 f6 25. Rxf5 Ne5 26. Rf4 Qd6 27. Rd4 Ra2 28.
Rd1 Kf8 29. Qe2 Bc6 30. Qh5 h6 31. Qf5 Kg8 32. h4 Qe7 33. h5 Rda8 34. Bxd5
Bxd5+ 35. Rxd5 Ra1 36. Qe4 Rxd1+ 37. Rxd1 Qe8 38. g4 Rd8 39. Rxd8 Qxd8 40. Nd7
Kh8 41. Qb7 Kh7 42. Qe4+ Kh8 43. Qd5 g6 44. hxg6 Nxg4 45. Qb7 f5 46. Kg1 h5 47.
Qxb5 Qh4 48. Nf8 1-0

[Event "Superliga 2011 M"]
[Site "Brasov/Rumania"]
[Date "2011.10.12"]
[Round "5.1"]
[White "Manolache, Marius"]
[Black "Mateuta, Gabriel"]
[Result "1/2-1/2"]
[WhiteElo "2535"]
[BlackElo "2507"]
[PlyCount "68"]
[EventDate "2011.??.??"]
[TimeControl "40/5400+30:1800+30"]

1. d4 e6 2. c4 Nf6 3. Nc3 Bb4 4. Nf3 b6 5. Bg5 h6 6. Bh4 g5 7. Bg3 Ne4 8. Qc2
Bb7 9. Nd2 Bxc3 10. bxc3 Nxg3 11. hxg3 Qf6 12. e3 h5 13. Rb1 d6 14. c5 dxc5 15.
Ne4 Qe7 16. Nxc5 Bc6 17. Nd3 Nd7 18. c4 Be4 19. f3 Bg6 20. Qc3 O-O 21. Be2 c5
22. dxc5 Nxc5 23. Rd1 Rad8 24. Kf2 Nxd3+ 25. Bxd3 e5 26. Bxg6 fxg6 27. Rxd8
Rxd8 28. Qc2 e4 29. Rd1 Rxd1 30. Qxd1 exf3 31. Qd5+ Kh7 32. Kxf3 g4+ 33. Kf4
Qf6+ 34. Ke4 Qf2 1/2-1/2

[Event "Superliga 2011 M"]
[Site "Brasov/Rumania"]
[Date "2011.10.12"]
[Round "5.1"]
[White "Danilov, Vladimir"]
[Black "Rogozenco, Dorian"]
[Result "1/2-1/2"]
[WhiteElo "2441"]
[BlackElo "2552"]
[PlyCount "128"]
[EventDate "2011.??.??"]
[TimeControl "40/5400+30:1800+30"]

1. d4 Nf6 2. Bg5 e6 3. Nc3 h6 4. Bxf6 Qxf6 5. e4 d6 6. Qd2 c6 7. f4 e5 8. dxe5
dxe5 9. f5 g6 10. fxg6 fxg6 11. Nf3 Be6 12. O-O-O Nd7 13. Bc4 O-O-O 14. Bxe6
Qxe6 15. Qf2 Bc5 16. Qg3 Bb4 17. Nb1 Qxa2 18. Nxe5 Nxe5 19. Qxe5 Qf7 20. c3 Be7
21. Kc2 Qf2+ 22. Kb3 Qf7+ 23. Kc2 Rhe8 24. Rhf1 Qc4 25. Nd2 Qa4+ 26. Nb3 Bd6
27. Qd4 Qxd4 28. Rxd4 Bxh2 29. Rf6 Rxd4 30. Nxd4 Be5 31. Rxg6 Bxd4 32. cxd4
Rxe4 33. Kd3 Rh4 34. Rg7 a5 35. Kc4 Kb8 36. g4 Ka7 37. d5 h5 38. d6 Kb6 39. d7
Kc7 40. d8=Q+ Kxd8 41. Rxb7 hxg4 42. Rg7 Ke8 43. Kc5 Kf8 44. Rg5 Kf7 45. Kxc6
a4 46. Kb5 Kf6 47. Rg8 Kf5 48. Kxa4 g3+ 49. b4 Rg4 50. Rf8+ Ke4 51. Rf1 g2 52.
Rg1 Kf3 53. Kb5 Kf2 54. Rxg2+ Rxg2 55. Kc6 Ke3 56. b5 Kd4 57. b6 Rg6+ 58. Kc7
Kc5 59. b7 Rg7+ 60. Kb8 Rg1 61. Kc7 Rg7+ 62. Kb8 Rg1 63. Kc7 Rg7+ 64. Kb8 Kd4
1/2-1/2

[Event "Superliga 2011 M"]
[Site "Brasov/Rumania"]
[Date "2011.10.12"]
[Round "5.1"]
[White "Petre, Nad-Titus"]
[Black "Ungureanu, Vlad"]
[Result "1/2-1/2"]
[WhiteElo "2345"]
[BlackElo "2376"]
[PlyCount "86"]
[EventDate "2011.??.??"]
[TimeControl "40/5400+30:1800+30"]

1. c4 g6 2. Nc3 Bg7 3. g3 d6 4. Bg2 c5 5. Nf3 Nc6 6. O-O e5 7. a3 Nf6 8. d3 O-O
9. Rb1 Rb8 10. b4 b6 11. Bg5 h6 12. Bxf6 Bxf6 13. Nd2 Nd4 14. Nde4 Be7 15. Nd5
Bg4 16. Nec3 h5 17. h3 Bd7 18. Nxe7+ Qxe7 19. Qd2 h4 20. Nd5 Qd8 21. bxc5 dxc5
22. e3 Nf5 23. g4 Ne7 24. f4 Nxd5 25. Bxd5 exf4 26. Rxf4 Be6 27. e4 Bxd5 28.
cxd5 b5 29. Qf2 b4 30. axb4 cxb4 31. Qxa7 b3 32. Qd4 Qa5 33. Rf2 Rfc8 34. Rbf1
Rb4 35. Qf6 Qa7 36. Kg2 Rb7 37. Rb1 Rc2 38. Qd8+ Kg7 39. Qf6+ Kg8 40. Rb2 Rxb2
41. Qd8+ Kg7 42. Qf6+ Kg8 43. Qd8+ Kg7 1/2-1/2

[Event "Superliga 2011 M"]
[Site "Brasov/Rumania"]
[Date "2011.10.12"]
[Round "5.1"]
[White "Chifor, Ovidiu-Emanuel"]
[Black "Stanciu, Alexandru-Ovidiu"]
[Result "1/2-1/2"]
[WhiteElo "2256"]
[BlackElo "2288"]
[PlyCount "53"]
[EventDate "2011.??.??"]
[TimeControl "40/5400+30:1800+30"]

1. d4 Nf6 2. c4 g6 3. g3 Bg7 4. Bg2 d5 5. cxd5 Nxd5 6. e4 Nb6 7. Ne2 c5 8. d5
O-O 9. O-O e6 10. Nbc3 Na6 11. h3 Bd7 12. b3 Rc8 13. a3 c4 14. b4 Re8 15. Be3
exd5 16. exd5 Bf5 17. Qd2 Qd7 18. Kh2 Bd3 19. Rfe1 Na4 20. Rac1 Nxc3 21. Nxc3
Nc7 22. Bh6 Be5 23. Bf4 Bg7 24. Bh6 Be5 25. Bf4 Bg7 26. Bh6 Be5 27. Bf4 1/2-1/2

[Event "Superliga 2011 M"]
[Site "Brasov/Rumania"]
[Date "2011.10.12"]
[Round "5.2"]
[White "Timoshenko, Georgy"]
[Black "Nisipeanu, Liviu-Dieter"]
[Result "0-1"]
[WhiteElo "2572"]
[BlackElo "2638"]
[PlyCount "125"]
[EventDate "2011.??.??"]
[TimeControl "40/5400+30:1800+30"]

1. e4 c5 2. Nf3 e6 3. d4 cxd4 4. Nxd4 Nf6 5. Nc3 d6 6. g4 h6 7. Bg2 a6 8. h3
Qc7 9. Be3 b5 10. e5 Bb7 11. Bxb7 Qxb7 12. Qf3 Qxf3 13. Nxf3 dxe5 14. Nxe5 Nbd7
15. Nxd7 Kxd7 16. Bd4 Be7 17. O-O-O Kc6 18. f4 Rad8 19. a3 Rd7 20. Bxf6 Rxd1+
21. Rxd1 Bxf6 22. Ne4 Be7 23. Rd3 f5 24. Rc3+ Kd5 25. Ng3 Rf8 26. Rd3+ Kc6 27.
Ne2 Bd6 28. gxf5 exf5 29. Kd2 g5 30. fxg5 hxg5 31. Nd4+ Kd7 32. Ke2 g4 33. b3
Rf6 34. c4 bxc4 35. bxc4 Kc7 36. a4 Be5 37. Nc2 Rh6 38. hxg4 Rh2+ 39. Kd1 fxg4
40. Rd5 g3 41. Rxe5 g2 42. Rg5 Rh1+ 43. Kd2 g1=Q 44. Rxg1 Rxg1 45. Kc3 Kb6 46.
Kb4 a5+ 47. Kc3 Kc5 48. Na3 Rg3+ 49. Kb2 Kb4 50. Nc2+ Kxc4 51. Na3+ Kb4 52.
Nc2+ Kxa4 53. Nd4 Rg2+ 54. Nc2 Kb5 55. Kc3 Rg3+ 56. Kb2 a4 57. Na3+ Kc5 58. Nc2
Rb3+ 59. Ka2 Kc4 60. Na1 Rh3 61. Nc2 Kc3 62. Na3 Rh2+ 63. Ka1 0-1

[Event "Superliga 2011 M"]
[Site "Brasov/Rumania"]
[Date "2011.10.12"]
[Round "5.2"]
[White "Iordachescu, Viorel"]
[Black "Ionescu, Constantin"]
[Result "1/2-1/2"]
[WhiteElo "2646"]
[BlackElo "2436"]
[PlyCount "99"]
[EventDate "2011.??.??"]
[TimeControl "40/5400+30:1800+30"]

1. e4 c5 2. Nf3 e6 3. d4 cxd4 4. Nxd4 a6 5. Nc3 b5 6. Bd3 Bb7 7. O-O Nc6 8.
Nxc6 Bxc6 9. Re1 Bc5 10. Qh5 d6 11. Bg5 Qb6 12. Re2 Kf8 13. Qh4 f6 14. Be3 Ne7
15. Qg3 Be8 16. Kh1 h5 17. f4 b4 18. Nd1 h4 19. Qh3 e5 20. fxe5 dxe5 21. Bxc5
Qxc5 22. a3 Ng6 23. Qe3 Qd6 24. Rd2 a5 25. Bf1 Qe7 26. axb4 Qxb4 27. c3 Qb7 28.
Qc5+ Ne7 29. Ne3 a4 30. Nf5 Qa7 31. Qd6 Rc8 32. Rad1 Qc5 33. h3 Rc6 34. Qxc5
Rxc5 35. Nd6 Bc6 36. Nb7 Bxb7 37. Rd8+ Kf7 38. Rxh8 Bxe4 39. Rd7 a3 40. bxa3
Rxc3 41. Rxh4 f5 42. Kh2 Rxa3 43. Bc4+ Kf6 44. Rd6+ Kg5 45. Rh7 Kf4 46. Rxg7
Rc3 47. Rxe7 Rxc4 48. h4 Rc2 49. Rg6 Bf3 50. Rh7 1/2-1/2

[Event "Superliga 2011 M"]
[Site "Brasov/Rumania"]
[Date "2011.10.12"]
[Round "5.2"]
[White "Moldovan, Daniel"]
[Black "Fedorov, Alexei"]
[Result "1/2-1/2"]
[WhiteElo "2436"]
[BlackElo "2609"]
[PlyCount "69"]
[EventDate "2011.??.??"]
[TimeControl "40/5400+30:1800+30"]

1. d4 Nf6 2. Nf3 g6 3. Nc3 d5 4. Bf4 Bg7 5. e3 O-O 6. Be2 c6 7. Ne5 Nfd7 8. Qd2
b5 9. a3 Nb6 10. O-O f6 11. Nf3 Bf5 12. b3 N8d7 13. a4 b4 14. Na2 a5 15. c3 e5
16. Bg3 c5 17. cxb4 cxb4 18. dxe5 fxe5 19. Rac1 Be4 20. Rfd1 Rc8 21. Rxc8 Nxc8
22. Qc1 Ncb6 23. Nd2 Bf5 24. e4 dxe4 25. Nc4 Nxc4 26. Bxc4+ Kh8 27. Bb5 Qc8 28.
Qxc8 Rxc8 29. Bxd7 Rd8 30. Bh4 Rxd7 31. Rxd7 Bxd7 32. Bd8 Be6 33. Bxa5 Bxb3 34.
Nxb4 Bxa4 35. Nd5 1/2-1/2

[Event "Superliga 2011 M"]
[Site "Brasov/Rumania"]
[Date "2011.10.12"]
[Round "5.2"]
[White "Marin, Mihail"]
[Black "Raceanu, Valentin"]
[Result "1/2-1/2"]
[WhiteElo "2550"]
[BlackElo "2417"]
[PlyCount "103"]
[EventDate "2011.??.??"]
[TimeControl "40/5400+30:1800+30"]

1. d4 d5 2. Nf3 c6 3. e3 Nf6 4. c4 Bf5 5. cxd5 cxd5 6. Qb3 Qc7 7. Bd2 Nc6 8.
Bb5 Bd7 9. O-O e6 10. Rc1 Bd6 11. Nc3 Qb8 12. Bd3 O-O 13. a3 Rc8 14. e4 dxe4
15. Nxe4 Be7 16. Nc3 Qd6 17. Be3 Na5 18. Qa2 Bc6 19. Ne5 Bd5 20. Nxd5 Qxd5 21.
Rxc8+ Rxc8 22. b4 Nc6 23. Qxd5 Nxd5 24. Rc1 Bd6 25. Nxc6 Rxc6 26. Rxc6 bxc6 27.
Bd2 Kf8 28. g3 f5 29. Kf1 Ke7 30. Ke2 Kd7 31. Bc4 Be7 32. Kd3 g5 33. f3 h5 34.
h3 Bd6 35. g4 hxg4 36. hxg4 fxg4 37. fxg4 Nf6 38. Bxg5 Nxg4 39. Bb3 Be7 40. Bd2
Nf6 41. Bf4 Bd6 42. Be5 Nd5 43. Bd1 Nf4+ 44. Kc4 Ng6 45. Bg7 Nf4 46. Bf3 Nd5
47. Be4 Nb6+ 48. Kb3 Bc7 49. Bd3 Nd5 50. Bf1 Bd6 51. Bh3 Ne7 52. Kc4 1/2-1/2

[Event "Superliga 2011 M"]
[Site "Brasov/Rumania"]
[Date "2011.10.12"]
[Round "5.2"]
[White "Spulber, Cicirone"]
[Black "Dumitrache, Dragos-Nicolae"]
[Result "1/2-1/2"]
[WhiteElo "2239"]
[BlackElo "2454"]
[PlyCount "59"]
[EventDate "2011.??.??"]
[TimeControl "40/5400+30:1800+30"]

1. c4 e6 2. g3 d5 3. Nf3 c6 4. Qc2 Nf6 5. Bg2 Bd6 6. d4 O-O 7. Nbd2 Nbd7 8. O-O
Re8 9. b3 Qe7 10. Bb2 b6 11. e4 Nxe4 12. Nxe4 dxe4 13. Qxe4 Bb7 14. Rfe1 Ba3
15. Bxa3 Qxa3 16. Ne5 Nxe5 17. dxe5 Rad8 18. Qe2 Rd4 19. Rad1 Red8 20. Rxd4
Rxd4 21. Rd1 Qc5 22. Rxd4 Qxd4 23. h4 a5 24. a4 h6 25. Kh2 Kf8 26. f4 Ke7 27.
h5 Kf8 28. Qc2 Kg8 29. Qe2 Kf8 30. Qc2 1/2-1/2

[Event "Superliga 2011 M"]
[Site "Brasov/Rumania"]
[Date "2011.10.12"]
[Round "5.2"]
[White "Georgescu, Tiberiu-Marian"]
[Black "Malureanu, Costin-George"]
[Result "1-0"]
[WhiteElo "2391"]
[BlackElo "2165"]
[PlyCount "115"]
[EventDate "2011.??.??"]
[TimeControl "40/5400+30:1800+30"]

1. d4 d5 2. c4 c6 3. Nf3 e6 4. e3 Nf6 5. Bd3 Ne4 6. Nc3 f5 7. Ne5 Qf6 8. O-O
Nd7 9. Nxd7 Bxd7 10. f3 Ng5 11. Kh1 Nf7 12. Qe2 Bb4 13. a3 Ba5 14. e4 O-O 15.
e5 Qh4 16. Be3 dxc4 17. Bxc4 c5 18. Bf2 Qf4 19. Be3 Qh4 20. Bf2 Qe7 21. d5 Bxc3
22. d6 Qg5 23. bxc3 f4 24. Rfe1 a6 25. Bxc5 Nh6 26. Bf2 Rac8 27. Qa2 Rfe8 28.
Rac1 Nf5 29. Bd3 Ne3 30. Bxe3 fxe3 31. Qb1 Qxe5 32. Bxh7+ Kh8 33. Qe4 Qg5 34.
Bg6 Rf8 35. Qg4 Qxg4 36. fxg4 e2 37. Rxe2 Rxc3 38. Ree1 Rxc1 39. Rxc1 Bc6 40.
Rd1 Rd8 41. Kg1 Kg8 42. Kf2 Bd5 43. Rc1 Bc6 44. Rd1 Bd5 45. Ke3 Rxd6 46. Be4
Kf7 47. Kf4 Ke7 48. Ke5 Rc6 49. Bxd5 exd5 50. Rxd5 Rc2 51. Kf5 Rxg2 52. h4 Rc2
53. Kg6 Rc4 54. Rg5 Kf8 55. Kh7 Rc7 56. Rf5+ Rf7 57. Rxf7+ Kxf7 58. g5 1-0

[Event "Superliga 2011 W"]
[Site "Brasov"]
[Date "2011.10.12"]
[Round "5.3"]
[White "Grecescu, Gabriel-Andrei"]
[Black "Baratosi, Daniel"]
[Result "1/2-1/2"]
[WhiteElo "2423"]
[BlackElo "2407"]
[PlyCount "96"]
[EventDate "2011.10.08"]

1. e4 c5 2. Ne2 Nc6 3. c4 g6 4. Nbc3 Bg7 5. d3 d6 6. g3 Nf6 7. Bg2 O-O 8. O-O
Ne8 9. Rb1 Nc7 10. a3 a5 11. Bd2 Ne6 12. Nb5 Bd7 13. f4 Ned4 14. h3 f5 15. Kh2
a4 16. Nbxd4 cxd4 17. b3 axb3 18. Qxb3 Ra7 19. c5+ Kh8 20. cxd6 exd6 21. exf5
Bxf5 22. Ng1 Qd7 23. Rfe1 h5 24. Nf3 Bf6 25. h4 Na5 26. Qd5 Nc6 27. Rb3 Ne7 28.
Qc4 b5 29. Rxb5 Rxa3 30. Rb3 Ra4 31. Qc2 Be6 32. Rb6 Ra2 33. Rb2 Rxb2 34. Qxb2
Bd5 35. Qb6 Nf5 36. Ng5 Bxg2 37. Kxg2 Bxg5 38. hxg5 Re8 39. Re4 Kh7 40. Kf2 Re7
41. Rxe7+ Qxe7 42. Qc6 Qf7 43. Qf3 Qb3 44. Ke2 Qe6+ 45. Kf1 Qb3 46. Ke2 Qe6+
47. Kf1 Qa2 48. Ke2 Qe6+ 1/2-1/2

[Event "Superliga 2011 W"]
[Site "Brasov"]
[Date "2011.10.12"]
[Round "5.3"]
[White "Szabo, Attila"]
[Black "Ionescu, Doru-Alexandru"]
[Result "1-0"]
[WhiteElo "2290"]
[BlackElo "2368"]
[PlyCount "91"]
[EventDate "2011.10.08"]

1. e4 c5 2. Nf3 g6 3. d4 Bg7 4. d5 d6 5. c4 e6 6. Bd3 exd5 7. exd5 Nf6 8. Qe2+
Qe7 9. Qxe7+ Kxe7 10. O-O Bg4 11. Re1+ Kf8 12. Bg5 Ne8 13. Nbd2 Bxf3 14. Nxf3
Nd7 15. Re2 f6 16. Rae1 Ne5 17. Nxe5 fxe5 18. Bd2 Nf6 19. f4 Nd7 20. f5 gxf5
21. Bxf5 Ke7 22. g4 h6 23. Kg2 a6 24. Rf1 Nf6 25. Ref2 b5 26. b3 bxc4 27. bxc4
Rab8 28. Bc3 Rhg8 29. h4 Bh8 30. Kh3 Rgf8 31. Be6 Ke8 32. g5 hxg5 33. hxg5 Nh7
34. Kg4 Rb7 35. Rxf8+ Nxf8 36. Bc8 Ra7 37. Bf5 Rg7 38. Bc8 Ra7 39. Rb1 a5 40.
Rb7 Rxb7 41. Bxb7 Ng6 42. Bc6+ Ke7 43. Ba4 Nf4 44. Bc2 Ng2 45. Bd2 Bg7 46. Be4
1-0

[Event "Superliga 2011 M"]
[Site "Brasov/Rumania"]
[Date "2011.10.12"]
[Round "5.4"]
[White "Suba, Mihai"]
[Black "Kamsky, Gata"]
[Result "1/2-1/2"]
[WhiteElo "2471"]
[BlackElo "2756"]
[PlyCount "125"]
[EventDate "2011.??.??"]
[TimeControl "40/5400+30:1800+30"]

1. c4 g6 2. e4 e5 3. d4 Nf6 4. Nf3 exd4 5. e5 Ne4 6. Qxd4 Bb4+ 7. Nbd2 Nxd2 8.
Bxd2 Nc6 9. Qf4 Bxd2+ 10. Qxd2 Qe7 11. O-O-O b6 12. Bd3 Bb7 13. Be4 O-O-O 14.
Rhe1 Qc5 15. Bd5 Nb4 16. Kb1 Nxd5 17. cxd5 d6 18. e6 fxe6 19. Ng5 Bxd5 20. Rc1
Qb5 21. Nf7 Rhf8 22. Nxd8 Rxd8 23. f4 Kb7 24. g3 Rd7 25. Re3 a5 26. h4 Qa4 27.
b3 Qb5 28. a4 Qb4 29. Qxb4 axb4 30. Kb2 Rf7 31. Rce1 c5 32. R1e2 Kc6 33. Rh2 h5
34. Kc1 Ra7 35. Rd2 b5 36. axb5+ Kxb5 37. Kb2 Kc6 38. Red3 Kd7 39. Re3 Ra3 40.
Red3 Ke7 41. Rd1 Kf6 42. Rxd5 exd5 43. Rxd5 Ra6 44. Kb1 Ke6 45. Rg5 Ra7 46.
Rxg6+ Kd5 47. f5 Re7 48. f6 Re3 49. Kc2 Rf3 50. g4 hxg4 51. h5 Rf2+ 52. Kd3 Rb2
53. Rxg4 Rxb3+ 54. Ke2 Ke6 55. Rh4 Ra3 56. h6 Ra8 57. h7 Rh8 58. Rh6 c4 59. Kd2
d5 60. Kc2 Kf7 61. Kc1 b3 62. Kb2 d4 63. Rh4 1/2-1/2

[Event "Superliga 2011 M"]
[Site "Brasov/Rumania"]
[Date "2011.10.12"]
[Round "5.4"]
[White "Volokitin, Andrei"]
[Black "Shishkin, Vadim"]
[Result "1/2-1/2"]
[WhiteElo "2686"]
[BlackElo "2450"]
[PlyCount "114"]
[EventDate "2011.??.??"]
[TimeControl "40/5400+30:1800+30"]

1. e4 c5 2. Nf3 Nc6 3. d4 cxd4 4. Nxd4 Qb6 5. Nb3 Nf6 6. Nc3 e6 7. Qe2 Bb4 8.
Bd2 O-O 9. a3 Be7 10. e5 Nd5 11. g3 Nxc3 12. Bxc3 f6 13. exf6 Bxf6 14. Bxf6
Rxf6 15. Bg2 d5 16. f4 Bd7 17. O-O-O Rc8 18. Kb1 a5 19. Rd3 a4 20. Nd2 Na5 21.
Re1 h6 22. Bh3 Nc4 23. Nxc4 Rxc4 24. Re3 Rc6 25. Re5 Qc5 26. Qd3 Rd6 27. Rd1
Bb5 28. Qd2 Bd7 29. Rde1 Kh8 30. R1e3 Qb6 31. Rd3 Qc5 32. Rd4 Bc6 33. Qe3 Bd7
34. Rxa4 Qxe3 35. Ra8+ Kh7 36. Rxe3 g5 37. Rd8 gxf4 38. gxf4 Kg6 39. Bxe6 Rdxe6
40. Rg3+ Kf5 41. Rxd7 Re1+ 42. Ka2 Re2 43. Rxd5+ Kxf4 44. Rd4+ Ke5 45. Rh4 Rxc2
46. Rb3 b6 47. Rb5+ Rc5 48. Rh5+ Kd4 49. Rb4+ Kd3 50. Rxb6 Rxh5 51. Rxf6 Rxh2
52. a4 Kc4 53. Rb6 h5 54. Ka3 Rh1 55. Rc6+ Kd5 56. Rh6 h4 57. Kb4 h3 1/2-1/2

[Event "Superliga 2011 M"]
[Site "Brasov/Rumania"]
[Date "2011.10.12"]
[Round "5.4"]
[White "Thesing, Matthias"]
[Black "Parligras, Mircea-Emilian"]
[Result "0-1"]
[WhiteElo "2404"]
[BlackElo "2625"]
[PlyCount "76"]
[EventDate "2011.??.??"]
[TimeControl "40/5400+30:1800+30"]

1. e4 c5 2. Nc3 d6 3. f4 g6 4. Nf3 Bg7 5. Bc4 Nc6 6. O-O e6 7. d3 Nge7 8. Qe1
O-O 9. f5 gxf5 10. Qg3 fxe4 11. dxe4 Ng6 12. Bg5 f6 13. Be3 Qe7 14. Rad1 Nge5
15. Be2 b6 16. Rd2 Bb7 17. Rfd1 Rad8 18. Nb5 Ba6 19. c4 Bxb5 20. cxb5 Nxf3+ 21.
gxf3 Nd4 22. Bxd4 cxd4 23. Rxd4 f5 24. exf5 exf5 25. Kf1 Kh8 26. R4d2 Bh6 27.
Rd3 Rde8 28. Qe1 Rf6 29. Rc3 Re6 30. Rc2 Bf4 31. Qc3+ Be5 32. Qc4 Qg5 33. f4
Bxf4 34. Bf3 Re3 35. Bd5 Qh5 36. Qd4+ Be5 37. Qd2 Bxh2 38. Rdc1 Rf3+ 0-1

[Event "Superliga 2011 M"]
[Site "Brasov/Rumania"]
[Date "2011.10.12"]
[Round "5.4"]
[White "Lupulescu, Constantin"]
[Black "Horvat, Dan-Sebastian"]
[Result "1-0"]
[WhiteElo "2655"]
[BlackElo "2196"]
[PlyCount "87"]
[EventDate "2011.??.??"]
[TimeControl "40/5400+30:1800+30"]

1. e4 d6 2. d4 Nf6 3. f3 e5 4. Ne2 Be7 5. c4 O-O 6. Be3 c6 7. Nbc3 a6 8. d5 b5
9. Ng3 b4 10. Nb1 c5 11. a3 Qb6 12. Qb3 Qb7 13. axb4 cxb4 14. Nd2 a5 15. c5
dxc5 16. Nc4 Qc7 17. Qc2 Ne8 18. Bd3 f6 19. O-O g6 20. Ra2 Nd6 21. Rfa1 Nxc4
22. Bxc4 Bd6 23. Nf1 Bd7 24. Nd2 Rc8 25. b3 Qd8 26. Be2 Bc7 27. Qxc5 Na6 28.
Qc1 Bb6 29. Nc4 Nc5 30. Nxb6 Nxb3 31. Qd1 Rc3 32. Bd3 Nxa1 33. Nxa8 Qxa8 34.
Rxa1 a4 35. Rc1 Qc8 36. Qd2 Rxc1+ 37. Qxc1 Qb7 38. Bc5 Kf7 39. Qc4 b3 40. Qb4
Qc7 41. Qc4 Qb7 42. Ba3 g5 43. Qc5 Kg6 44. Qf8 1-0

[Event "Superliga 2011 M"]
[Site "Brasov/Rumania"]
[Date "2011.10.12"]
[Round "5.4"]
[White "Zaim, Marian"]
[Black "Nevednichy, Vladislav"]
[Result "0-1"]
[WhiteElo "2171"]
[BlackElo "2540"]
[PlyCount "81"]
[EventDate "2011.??.??"]
[TimeControl "40/5400+30:1800+30"]

1. Nf3 g6 2. c4 Bg7 3. g3 e5 4. Nc3 d6 5. d4 Nd7 6. Bg2 Ne7 7. O-O O-O 8. b3
exd4 9. Nb5 d3 10. Rb1 a6 11. Na3 dxe2 12. Qxe2 Nc5 13. Be3 Ne4 14. Rbe1 Nc6
15. Nb1 Bd7 16. h3 Re8 17. Rd1 a5 18. a3 Qf6 19. Rfe1 h6 20. Kh2 Rab8 21. Rc1
Nc5 22. Qd1 Bf5 23. Bf1 Qb2 24. Nbd2 Qxa3 25. g4 Be6 26. Rb1 Rbd8 27. Qc1 Qxc1
28. Rexc1 g5 29. Ne1 f5 30. f3 Bf7 31. Bf2 fxg4 32. hxg4 Bg6 33. Nc2 Bc3 34.
Ne4 Nxe4 35. fxe4 Bxe4 36. Bg2 Ne5 37. Bxe4 Nxg4+ 38. Kg1 Rxe4 39. Ne1 Be5 40.
Rc2 Rf8 41. Kg2 0-1

[Event "Superliga 2011 M"]
[Site "Brasov/Rumania"]
[Date "2011.10.12"]
[Round "5.4"]
[White "Dragomirescu, Robin-Alexandru"]
[Black "Bolintis, Mihai"]
[Result "1-0"]
[WhiteElo "2353"]
[BlackElo "2095"]
[PlyCount "59"]
[EventDate "2011.??.??"]
[TimeControl "40/5400+30:1800+30"]

1. e4 e6 2. d4 d5 3. Nc3 Bb4 4. e5 c5 5. a3 Bxc3+ 6. bxc3 Qc7 7. Qg4 f5 8. Qg3
cxd4 9. cxd4 Ne7 10. Bd2 Nbc6 11. Nf3 O-O 12. Bd3 Bd7 13. h4 Kh8 14. h5 f4 15.
Qg5 h6 16. Qg4 Nxd4 17. O-O Nxf3+ 18. Qxf3 Qxe5 19. Rfe1 Qc7 20. Bb4 Rae8 21.
Re2 a5 22. Bxe7 Rxe7 23. Rae1 Ref7 24. Rxe6 Bxe6 25. Rxe6 Qc5 26. Re5 Rd7 27.
Qg4 Rd6 28. Re7 Rg8 29. Qf5 g6 30. Qe5+ 1-0

[Event "Superliga 2011 M"]
[Site "Brasov"]
[Date "2011.10.12"]
[Round "5.5"]
[White "Milu, Romeo-Sorin"]
[Black "Jianu, Vlad-Cristian"]
[Result "1/2-1/2"]
[WhiteElo "2421"]
[BlackElo "2502"]
[PlyCount "33"]
[EventDate "2011.10.08"]

1. e4 c5 2. Nf3 d6 3. d4 cxd4 4. Nxd4 Nf6 5. Nc3 g6 6. Be3 Bg7 7. f3 O-O 8. Qd2
Nc6 9. g4 Be6 10. O-O-O Nxd4 11. Bxd4 Qa5 12. Kb1 Rfc8 13. a3 Rab8 14. Nd5 Qxd2
15. Nxf6+ Bxf6 16. Rxd2 Bxd4 17. Rxd4 1/2-1/2

[Event "Superliga 2011 M"]
[Site "Brasov"]
[Date "2011.10.12"]
[Round "5.5"]
[White "Filip, Lucian"]
[Black "Mosnegutu, Klauss"]
[Result "1-0"]
[WhiteElo "2483"]
[BlackElo "2240"]
[Annotator "."]
[PlyCount "112"]
[EventDate "2011.10.08"]

1. Nf3 Nf6 2. c4 e6 3. g3 b6 4. Bg2 Bb7 5. O-O Be7 6. Nc3 O-O 7. Re1 d5 8. cxd5
exd5 9. d4 Ne4 10. Bf4 Nd7 11. Rc1 c5 $11 12. dxc5 Nxc3 13. Rxc3 bxc5 14. Rc1
Qb6 15. Qc2 Rfd8 16. Red1 Nf8 17. Bg5 f6 18. Be3 d4 19. Bd2 Bd5 20. Nh4 Bxg2
21. Nxg2 Kh8 22. Nf4 Nd7 23. Nd3 Rac8 24. b3 Qb7 25. Qc4 Ne5 26. Qe6 Nxd3 27.
exd3 Bd6 28. Re1 Qa8 29. Re4 Bf8 30. Rce1 Qc6 31. Qxc6 Rxc6 32. Ba5 Rdc8 33.
R1e2 Kg8 34. Bd2 Kf7 35. Bf4 g5 36. Bc1 Bd6 37. Rc2 h6 38. Kf1 R8c7 39. h3 Ra6
40. Ke1 Re7 41. Rxe7+ Kxe7 42. Re2+ Kd7 43. Kd1 Rb6 44. Re1 Be5 45. f4 Bd6 46.
Rf1 Ke6 47. fxg5 fxg5 48. h4 Bxg3 49. hxg5 hxg5 50. Bxg5 Be5 51. Rf8 Rb8 52.
Bh6 Kd5 53. Rf5 Ke6 54. Rg5 Bd6 55. Rg6+ Kd5 56. Rxd6+ Kxd6 1-0